| 000 | 00957nam a2200265 a 4500 | ||
|---|---|---|---|
| 001 | 62875 | ||
| 003 | BD-RjUL | ||
| 005 | 20211209081133.0 | ||
| 008 | 170126q19731969enkacf b 001 0aeng | ||
| 020 | _a0701203269 | ||
| 035 | _a(BD-RjUL)63003 | ||
| 040 |
_aDLC _cDLC _dBD-RjUL _beng |
||
| 041 | _aeng | ||
| 082 | 0 | 0 |
_a320.092 _223 _bWOJ 1973 |
| 100 | 1 |
_aWoolf, Leonard, _d1880-1969. _9186941 |
|
| 245 | 1 | 4 |
_aThe journey not the arrival matters : _ban autobiography of the years 1939-1969 / _cby Leonard Woolf. |
| 260 |
_aLondon, _bHogarth P., _c1969 [ fourth impression 1973 ] |
||
| 300 |
_a217 p. : _bill. ; _c23 cm. |
||
| 500 | _aContinuation of Downhill all the way: an autobiography of the years 1919-1939. | ||
| 504 | _aIncludes bibliographical references. | ||
| 600 | 1 | 0 |
_aWoolf, Leonard, _d1880-1969. _9190085 |
| 600 | 1 | 0 |
_aWoolf, Leonard, _d1880-1969. _9190085 |
| 650 | 0 |
_aPolitical scientists _zGreat Britain _xBiography. _9186942 |
|
| 942 |
_2ddc _cBK |
||
| 999 |
_c62875 _d62875 |
||